Central Library OPAC University of Rajshahi

Robert Browning / (Record no. 77365)

MARC details
000 -LEADER
fixed length control field 00708nam a2200241 a 4500
001 - CONTROL NUMBER
control field 77365
003 - CONTROL NUMBER IDENTIFIER
rucl marc code BD-RjUL
005 - DATE AND TIME OF LATEST TRANSACTION
control field 20211209082949.0
008 - FIXED-LENGTH DATA ELEMENTS--GENERAL INFORMATION
fixed length control field 200318s1952 e nyu 000 0beng
035 ## - SYSTEM CONTROL NUMBER
System control number (BD-RjUL)77590
System control number BD-RjUL
040 ## - CATALOGING SOURCE
Original cataloging agency DLC
Transcribing agency CWR
Modifying agency m.c
-- OCL
-- BD-RjUL
Language of cataloging eng
041 ## - LANGUAGE CODE
Language code of text/sound track or separate title eng
082 ## - DEWEY DECIMAL CLASSIFICATION NUMBER
Classification number 821.8
Author mark and year COR 1952
Edition number 19
100 1# - MAIN ENTRY--PERSONAL NAME
Personal name Cohen, J.M.
9 (RLIN) 53253
245 10 - TITLE STATEMENT
Title Robert Browning /
Statement of responsibility, etc. by J.M. Cohen
260 ## - PUBLICATION, DISTRIBUTION, ETC. (IMPRINT)
Place of publication, distribution, etc. New York :
Name of publisher, distributor, etc. Macmillan Co ;
Place of publication, distribution, etc. London :
Name of publisher, distributor, etc. Macmillan,
Date of publication, distribution, etc. 1903 [Reprinted 1967]
300 ## - PHYSICAL DESCRIPTION
Pagination v, 207 p. :
Size 20 cm.
600 10 - SUBJECT ADDED ENTRY--PERSONAL NAME
Personal name Browning, Robert,
Dates associated with a name 1812-1889.
830 #0 - SERIES ADDED ENTRY--UNIFORM TITLE
Uniform title English men of letters
942 ## - ADDED ENTRY ELEMENTS (KOHA)
Source of classification or shelving scheme Dewey Decimal Classification
Koha item type Books
Holdings
Lost status Source of classification or shelving scheme Damaged status Not for loan Collection code Permanent Location Current Location Shelving location Date acquired Source of acquisition Cost, normal purchase price Total Checkouts Full call number Date last seen Copy number Koha item type
  Dewey Decimal Classification     Non-fiction Central Library, University of Rajshahi Central Library, University of Rajshahi   20/10/1955 mukarram 8.00   821.8 COR 1952 18/03/2020 C-2 Books